000 00499nam a2200205Ia 4500
008 210210b2007 xxu||||| |||| 00| 0 eng d
020 _a8178884992
041 _aeng
082 _a375 DASC
100 _aDASH (B N)
245 _aCurriculum planning and development
260 _aNew Delhi
_bDominant Publishers and Distributors
_c2007
300 _a208
650 _aplanning
650 _adevelopment
650 _aCurriculum
650 _aand
690 _aEducation
906 _a063974
999 _c139194
_d139194